000 00405nam a2200133Ia 4500
008 191014s9999 xx 000 0 und d
020 _aLC 7878207
082 _a515.35
_bAND
100 _aRobert L.Anderson Nail H.Ibragimov
_920268
245 0 _aLie Backlund Transformations In Applications
260 _aPhiadelphia
_bSociety for Industrial Applied Mathematics
_c1979
300 _aX,124
942 _cBK
999 _c530838
_d530838